Nueva literatura alemana : antología de autores contemporáneos /

Incluye los siguientes relatos: “El maestro rural Hofer” y “Lenau”, de Günter Herburger; “La muchacha desnuda en la calle”, de Fritz Rudolf Fries; “Cualquier cosa de cualquier manera” y “Diario de viaje”, de Hans Joaquim Schädlich; “El pantano Riemeisterfen” y “El viaje a Trieste”, de Harmut Lange;...

Deskribapen osoa

Gorde:
Xehetasun bibliografikoak
Egile nagusia: Wiesner, Herbert (compilación)
Formatua: Liburua
Hizkuntza:gaztelania
Argitaratua: México : UNAM : Fondo de Cultura Económica, 1993, c1993
Saila:(Colección Popular ; 479)
Gaiak:
Etiketak: Etiketa erantsi
Etiketarik gabe, Izan zaitez lehena erregistro honi etiketa jartzen!

MARC

LEADER 00000nam^a2200000^a^4500
001 000624505
005 20251112000000.0
009 20260310133957.594
020 |a 968-16-4026-8 
025 |a Donación Donación Sandra Valdés, 1 ejemplar 
037 |a Acervo ITESO - Biblioteca 
041 |a ESP 
082 |a 833.  |b WIE 
100 |a Wiesner, Herbert  |e (compilación) 
245 1 0 |a Nueva literatura alemana :  |b antología de autores contemporáneos /  |c Comp. de H. Wiesner ; tr. por Aída Espinosa... [et al.]. 
264 4 |a México :  |b UNAM :  |b Fondo de Cultura Económica,  |c 1993, c1993 
300 |a 280 p. 
336 |a texto  |b txt  |2 rdacontenido 
337 |a sin mediación  |b n  |2 rdamedio 
338 |a volumen  |b nc  |2 rdasoporte 
440 1 |a (Colección Popular ;  |v 479) 
520 |a Incluye los siguientes relatos: “El maestro rural Hofer” y “Lenau”, de Günter Herburger; “La muchacha desnuda en la calle”, de Fritz Rudolf Fries; “Cualquier cosa de cualquier manera” y “Diario de viaje”, de Hans Joaquim Schädlich; “El pantano Riemeisterfen” y “El viaje a Trieste”, de Harmut Lange; “El paseo por la tarde”, de Brigitte Burmeister; “La peste” y “El aguafiestas”, de Brigitte Kronauer; “Agua que corre”, de Katja Beirens; “El amor a la candidez” y “La mancha, la chaqueta, los cuartos, el dolor”, de Wilhelm Genazino; “Las peras de Ribbek”, de Friedrich Christian Delius; “Maja”, “La decisión”, “Baño alterno” e “Interminable azote de puertas”, de Ursula Krechel; “El cuento”, “La hora del desayuno”, “Diva”, “Un asunto familiar”, “El cantante callejero”, “La sorpresa”, “Los hijos de los pobres”, “Situación transitoria”, “La tumba”, “El hombre de la computadora”, de Richard Wagner; “Europa es un toro”, “Gnafna de lechera”, y “Día de trabajo”, de Andreas Neumeister. 
561 |a Ex libris manuscrito de Guadalupe Andrea, 1994 
649 |a XX 
650 |a Cuentos Alemanes 
650 |a Literatura Alemana -  |y Siglo XX 
650 |a Literatura Fantástica -  |z Alemania 
650 |a Literatura de Mujeres -  |z Alemania 
910 |a Fondo General 
920 |a Impresos - Libros 
930 |a Colección General 
940 |a Literatura 
905 |a 101 
901 |a 624505-10  |b IT1  |c LIT  |i D  |u 20251112 
902 |a https://opac.biblio.iteso.mx/vufind/Record/000624505